All TROC 3 Contestants - Statistics

General Stats
  • This quiz has been taken 20 times
  • The average score is 14 of 25
Answer Stats
Place Contestant/Host % Correct
1st Orager
75%
24th Captain Underpants
67%
21st Saggy
67%
9th A Million Eyes
58%
13th Angry Juice
58%
23rd Baggy
58%
7th Counterfeit Coin
58%
17th Fast Food
58%
HOST Grangriss in a Jar
58%
10th Hot Choccy
58%
15th Irish Potato
58%
5th KFC Guy
58%
4th Me With Object Assets
58%
2nd Olive
58%
14th Picket Fence
58%
3rd Plump Dog
58%
19th Shape Tweeny
58%
6th Bowling Ball's Bow On Fire
50%
11th Cuberty
50%
12th Freaky
50%
18th Handstander
50%
8th Seltzer Bottle
50%
20th Small Jr.
50%
22nd Big Cherry
42%
16th Crippling Depression Man
42%
No matching quizzes found
Score Distribution
Percent of People with Each Score
Percentile by Number Answered
Your Score History
You have not taken this quiz